| 000 | 00897nam a22002177a 4500 | ||
|---|---|---|---|
| 999 |
_c8332 _d8332 |
||
| 003 | AR-CdUCM | ||
| 008 | 190322b ||||| |||| 00| 0 spa d | ||
| 040 |
_aMUNICIPALIDAD PROVINCIAL DEL CUSCO _cBIBLIOTECA MUNICIPAL DEL CUSCO |
||
| 082 |
_a574.19245 / _bG25 |
||
| 100 |
_aGarrat, Arthur _923386 |
||
| 245 |
_aPartículas elementales : _bLa molécula de proteína y otros trabajos / |
||
| 260 |
_aBuenos Aires : _bEUDEBA, _c1965. |
||
| 300 |
_a303 paginas ; _c18 cm. |
||
| 505 | _aContenido :Partículas elementales -- Electrónica en el estado solido -- Circulación hipersonica -- Efectos de radiación en los polimeros -- El desarrollo futuro de las armas nucleares ... | ||
| 650 |
_aProteínas _923387 |
||
| 650 |
_aCiencias aplicadas _920077 |
||
| 700 |
_aMiguez, Nestor A. (traductor) _923388 |
||
| 700 |
_aCalvelo. Julio Pedro (traductor) _923389 |
||
| 942 |
_2ddc _cLIBROS |
||
| 945 | _arum | ||